000 00913nam0a22002531 4500
001 rc\2329959
005 20250623050318.0
035 _a(NLR Aleph) 006582430
090 _a7059757
_c7059757
100 _a20110829d1977 |||y0rusy50 ca
101 0 _arus
102 _aRU
105 _ay z |||||
200 1 _aМетодические разработки по курсу "Новые явления в экономике современного капитализма"
_fМоск. ин-т повышения квалификации руководящих работников и специалистов хим. пром-сти
210 _aМосква
_cБ. и.
_d1977
215 _a87 с.
_d21
700 1 _aПивник
_bА.М.
801 0 _aRU
_bNLR
_gpsbo
801 1 _aRU
_bELAR
_2rusmarc
852 _aNLR
_j77-4/16151
899 _aRuMoRGB
_jБ 77-55/50
942 _cBOOK
980 _aNB